<?xml version="1.0" encoding="UTF-8"?>
<record
    xmlns:xsi="http://www.w3.org/2001/XMLSchema-instance"
    xsi:schemaLocation="http://www.loc.gov/MARC21/slim http://www.loc.gov/standards/marcxml/schema/MARC21slim.xsd"
    xmlns="http://www.loc.gov/MARC21/slim">

  <leader>00867nam a2200217Ia 4500</leader>
  <datafield tag="999" ind1=" " ind2=" ">
    <subfield code="c">49177</subfield>
    <subfield code="d">49177</subfield>
  </datafield>
  <controlfield tag="001">16088</controlfield>
  <controlfield tag="003">GE_BSU</controlfield>
  <controlfield tag="005">20241210110958.0</controlfield>
  <controlfield tag="008">181216s1983||||ge |||||||||||||| ||geo||</controlfield>
  <datafield tag="040" ind1=" " ind2=" ">
    <subfield code="c">GE_BSU</subfield>
  </datafield>
  <datafield tag="041" ind1=" " ind2=" ">
    <subfield code="a">geo</subfield>
  </datafield>
  <datafield tag="080" ind1=" " ind2=" ">
    <subfield code="a">316 &#x420;-11</subfield>
  </datafield>
  <datafield tag="245" ind1=" " ind2=" ">
    <subfield code="a">&#x420;&#x430;&#x431;&#x43E;&#x447;&#x430;&#x44F; &#x43A;&#x43D;&#x438;&#x433;&#x430; &#x441;&#x43E;&#x446;&#x438;&#x43E;&#x43B;&#x43E;&#x433;&#x430; /</subfield>
    <subfield code="c">&#x420;&#x435;&#x434;&#x43A;&#x43E;&#x43B;. &#x41E;&#x441;&#x438;&#x43F;&#x43E;&#x432; &#x413;. &#x412;. ; &#x41E;&#x442;&#x432;. &#x440;&#x435;&#x434;. &#x413;&#x432;&#x438;&#x448;&#x438;&#x430;&#x43D;&#x438; &#x414;. &#x41C;., &#x420;&#x443;&#x442;&#x43A;&#x435;&#x432;&#x438;&#x447; &#x41C;. &#x41D;. &#x438; &#x434;&#x440;.</subfield>
  </datafield>
  <datafield tag="250" ind1=" " ind2=" ">
    <subfield code="a">2-&#x435; &#x438;&#x437;&#x434;.&#x43F;&#x435;&#x440;&#x435;&#x440;. &#x438; &#x434;&#x43E;&#x43F;.</subfield>
  </datafield>
  <datafield tag="264" ind1=" " ind2=" ">
    <subfield code="a">&#x41C;&#x43E;&#x441;&#x43A;&#x432;&#x430; :</subfield>
    <subfield code="b">&#x41D;&#x430;&#x443;&#x43A;&#x430;,</subfield>
    <subfield code="c">1983.</subfield>
  </datafield>
  <datafield tag="300" ind1=" " ind2=" ">
    <subfield code="a">477 &#x441;&#x442;&#x440;. ;</subfield>
    <subfield code="b">&#x442;&#x430;&#x431;&#x43B;.</subfield>
  </datafield>
  <datafield tag="500" ind1=" " ind2=" ">
    <subfield code="a">&#x411;&#x438;&#x431;&#x43B;&#x438;&#x43E;&#x433;&#x440;. &#x441;&#x442;&#x440;.451&#x44E; &#x423;&#x43A;&#x430;&#x437;. &#x43E;&#x441;&#x43D;. &#x43E;&#x431;&#x43E;&#x437;&#x43D;. &#x441;&#x442;&#x440;. 456. &#x41A;&#x440;&#x430;&#x442;&#x43A;. &#x441;&#x43B;&#x43E;&#x432;&#x430;&#x440;&#x44C; &#x442;&#x435;&#x440;&#x43C;&#x438;&#x43D;&#x43E;&#x432;. &#x441;&#x442;&#x440;. 457. &#x41F;&#x440;&#x435;&#x434;&#x43C;. &#x443;&#x43A;&#x430;&#x437;. &#x441;&#x442;&#x440;. 469</subfield>
  </datafield>
  <datafield tag="653" ind1=" " ind2=" ">
    <subfield code="a">&#x420;&#x430;&#x431;&#x43E;&#x447;&#x430;&#x44F; &#x43A;&#x43D;&#x438;&#x433;&#x430; &#x441;&#x43E;&#x446;&#x438;&#x43E;&#x43B;&#x43E;&#x433;&#x430;</subfield>
  </datafield>
  <datafield tag="653" ind1=" " ind2=" ">
    <subfield code="a">&#x421;&#x43E;&#x446;&#x438;&#x43E;&#x43B;&#x43E;&#x433;&#x438;&#x44F;</subfield>
  </datafield>
  <datafield tag="942" ind1=" " ind2=" ">
    <subfield code="c">BK</subfield>
    <subfield code="2">udc</subfield>
  </datafield>
  <datafield tag="952" ind1=" " ind2=" ">
    <subfield code="0">0</subfield>
    <subfield code="1">0</subfield>
    <subfield code="4">0</subfield>
    <subfield code="7">0</subfield>
    <subfield code="9">65266</subfield>
    <subfield code="d">2018-12-17</subfield>
    <subfield code="p">27517</subfield>
    <subfield code="r">2018-12-17</subfield>
    <subfield code="w">2018-12-17</subfield>
    <subfield code="y">BK</subfield>
  </datafield>
</record>
